000 01283nam a2200325 i 4500
003 DO-SdBNP
005 20260520104306.0
007 ta
008 090828s2017 dr ac r 001 0 spa d
020 _a9789945141344
040 _aDO-SdBNP
_bspa
_cBNPHU
_erda
082 4 _a341.02635
_bG633s, 2017
_222
100 1 _aGómez Bergés, Víctor,
_d1940-2023
_917774
245 1 0 _aSolo la verdad :
_bhistoria de las elecciones para Secretario General de la Organización de los Estados Americanos en 1975 /
_cVíctor Gómez Bergés ; prólogo Roberto Cassá
250 _a2a. edición
264 4 _aSanto Domingo:
_bCorripio,
_c2017.
300 _a354 páginas
_bilustraciones, retratos.
_c27 cm.
336 _2rdacontent
_atexto
_btxt
337 _2rdamedia
_asin mediación
_bn
338 _2rdacarrier
_avolumen
_bnc
500 _aIncluye datos biográficos del autor en las solapas.
504 _aIncluye referencias bibliográficas y notas al pie de páginas.
590 _aInventariado, 2023/ YL
600 1 0 _aGómez Bergés, Víctor,
_d1940-2023
_917774
610 2 4 _aOrganización de estados Americanos
_xElecciones
_917775
650 0 _aRelaciones internacionales
_9399
700 1 _aCassá, Roberto,
_d1948-
_eprólogo
_910888
910 _aYLockward
942 _2ddc
_cLBS1
999 _c54326
_d54326